| 000 | 01203nam a2200313 c 4500 | ||
|---|---|---|---|
| 001 | 12293 | ||
| 003 | ES-MaCES | ||
| 005 | 20200226040007.0 | ||
| 008 | 010622s2001 sp t 000 | spa d | ||
| 017 |
_aM 14922-2001 _bDL |
||
| 035 | _aCES20010008637m | ||
| 040 |
_aES-MaCES _bspa _cES-MaCES |
||
| 245 | 0 | 0 |
_aEstudio sobre la evolución de las actividades y sistema de organización de las empresas de inserción laboral _b: acciones complementarias y de acompañamiento a la formación : convocatoria 2000, FORCEM _c[elabora, equipo técnico del Área de Proyectos de FOREM Confederal ] |
| 260 |
_aMadrid _bConfederación Sindical de Comisiones Obreras _c2001 |
||
| 300 |
_a138 p. _c24 cm _efe de erratas: [1] h. |
||
| 541 | _cGratuito | ||
| 650 | 4 |
_ainserción profesional _929942 |
|
| 650 | 4 |
_aformación en la empresa _927452 |
|
| 650 | 4 |
_aprograma de formación _929083 |
|
| 650 | 4 |
_a2000 _930991 |
|
| 653 | 1 | 0 | _aEducación |
| 650 | 4 |
_928178 _aempresa |
|
| 710 | 2 |
_aComisiones Obreras _eed. _92105 |
|
| 710 | 2 |
_aFundación para la Formación Continua _93879 |
|
| 710 | 2 |
_aFOREM _93643 |
|
| 902 | _aLIB Libro | ||
| 942 |
_2CES _cBK _h4.0. |
||
| 999 |
_c12293 _d12293 |
||